000 00208nam a2200073Ia 4500
008 170617s9999 xx 000 0 und d
100 _aLednicer- daniel
245 4 _aThe Organic Chemistry of Drug Synthess
260 _bJohn wiley & Sons- Inc.
999 _c15196
_d15196